000 00802nam a2200229 a 4500
001 000025438
005 20200930023804.0
008 110216s1979 mx r 000 0 spa d
020 _a9681601777
040 _aDO-SdBNP
_bspa
_cBNPHU
082 _aNNN
_bM689h, 1979
100 1 _aModern, Rodolfo E.
_d1922-
_952041
245 1 0 _aHistoria de la literatura alemana /
_cRodolfo E. Modern.
250 _a2a ed.
260 _aMéxico, D. F. :
_bFondo de Cultura Económica,
_c1979.
300 _a370, [2] p. ;
_c17 cm.
490 1 _aBreviarios del fondo de cultura económica
_v159
500 _aPrimera reimpresión de la segunda edición del 1972
500 _aIncluye datos del autor en la solapa y la cubierta
830 0 _aBreviarios del fondo de cultura económica ;
_v159
_925786
049 _aBNGR
999 _c24930
_d24930